MESTSKÁ KNIŽNICA GIRALTOVCE  - online katalóg 

Československý rok 1938 (Record no. 23290)

000 -NÁVESTIE
fixed length control field 01184nam a2200337 a 4500
001 - EVIDENČNÉ ČÍSLO ZÁZNAMU - Kontrolné číslo
control field vtls010333798
005 - DÁTUM A ČAS POSLEDNEJ TRANSAKCIE
control field 20220823091206.0
008 - ÚDAJE S PEVNOU DĹŽKOU – VŠEOBECNÉ INFORMÁCIE
fixed length control field 120110s2011 xr oca 000 1 cze c
020 ## - MEDZINÁRODNÉ ŠTANDARDNÉ ČÍSLO KNIHY (ISBN)
Medzinárodné štandardné číslo knihy (ISBN) 9788087286111 (brož.)
040 ## - ZDROJ KATALOGIZÁCIE
Pôvodná katalogizujúca agentúra SVKPO
Jazyk katalogizácie slo
Prepisujúca agentúra SVKPO
Konvencie popisu AACR2
041 0# - KÓD JAZYKA
Kód jazyka textu/zvukovej stopy alebo samostatných nápisov cze
044 ## - KÓD KRAJINY VYDAVATEĽA/PRODUCENTA
Kód krajiny MARC xr
Kód krajiny ISO CZ
072 #7 - KÓD PREDMETOVEJ KATEGÓRIE
Kód predmetovej kategórie 94(437)
Pododdiel kódu predmetovej kategórie Dejiny Česka a Slovenska
Zdroj konspekt
080 ## - ČÍSLO MEDZINÁRODNÉHO DESATINNÉHO TRIEDENIA (MDT)
Číslo Medzinárodného desatinného triedenia (MDT) 94-021.143
Identifikátor vydania 2001
080 ## - ČÍSLO MEDZINÁRODNÉHO DESATINNÉHO TRIEDENIA (MDT)
Číslo Medzinárodného desatinného triedenia (MDT) 32(091)
Identifikátor vydania 2001
080 ## - ČÍSLO MEDZINÁRODNÉHO DESATINNÉHO TRIEDENIA (MDT)
Číslo Medzinárodného desatinného triedenia (MDT) 94(437)"1938"
Identifikátor vydania 2001
080 ## - ČÍSLO MEDZINÁRODNÉHO DESATINNÉHO TRIEDENIA (MDT)
Číslo Medzinárodného desatinného triedenia (MDT) (0:82-4)
Identifikátor vydania 2001
100 1# - OSOBNÉ MENÁ – VŠEOBECNÉ INFORMÁCIE
Osobné meno Kvaček, Robert,
Dátumy súvisiace s menom 1932-
-- 3267
245 10 - NÁZOV
Názov Československý rok 1938
Údaj o zodpovednosti atď. Robert Kvaček ; [fotografie] Miloš Heyduk
250 ## - ÚDAJ O PORADÍ VYDANIA
Údaj o poradí vydania 2., rozš. a aktualiz. vyd., v nakl. Polart 1.
260 ## - VYDAVATEĽSKÉ ÚDAJE, DISTRIBÚCIA ATĎ.
Miesto publikovania, distribúcie atď. Praha
Názov vydavateľa, distibútora atď. POLART - Jaroslav Polák
Dátum publikovania, distribúcie atď. 2011
300 ## - FYZICKÝ POPIS
Rozsah 197 s., [28] s. obr. príl.
Ďalšie fyzické detaily fotogr.
Rozmery 21 cm
500 ## - VŠEOBECNÁ POZNÁMKA
Formátovaná poznámka o obsahu Vydané v spolupráci s vydavateľstvom BVD
500 ## - VŠEOBECNÁ POZNÁMKA
Formátovaná poznámka o obsahu V tiráži uvedené miesto vydania Děčín-Staré Město
648 #7 - PRIDANÝ VSTUP – PREDMET – CHRONOLOGICKÝ TERMÍN
Chronologický termín 1938
Zdroj hesla alebo termínu SNKPH
-- 2059
650 07 - PRIDANÝ VSTUP – PREDMET – TEMATICKÉ HESLO
Tematické heslo alebo geografický názov ako vstupný prvok udalosti
Zdroj hesla alebo termínu SNKPH
-- 3268
650 07 - PRIDANÝ VSTUP – PREDMET – TEMATICKÉ HESLO
Tematické heslo alebo geografický názov ako vstupný prvok politické dejiny
Zdroj hesla alebo termínu SNKPH
-- 3269
651 #7 - PRIDANÝ VSTUP – PREDMET – GEOGRAFICKÝ NÁZOV
Geografický názov Československo
Všeobecný pododdiel dejiny
Zdroj hesla alebo termínu SNKPH
-- 3270
655 #7 - INDEXAČNÝ TERMÍN – ŽÁNER/FORMA
Údaje o žánri/forme alebo termín, ktorý je prvok fazety reportáže
Zdroj termínu SNKPH
-- 3271
700 1# - PRIDANÝ VSTUP – OSOBNÉ MENO
Osobné meno Heyduk, Miloš,
Dátumy súvisiace s menom 1933-
Kód roly pht
-- 3272
Holdings
Stav stiahnutia (Blokovanie) (Withrawn status) Stav straty Zdroj klasifikácie pre skladovanie Stav poškodenia (Damaged status) Nie pre výpožičky (Not for loan) Spôsob nadobudnutia (Collection code) Trvalé umiestnenie Aktuálne umiestnenie Dátum nadobudnutia Inventárne číslo (prírastkové číslo) Celkom výpožičky Full call number Čiarový kód Dátum posledného výskytu Dátum poslednej výpôžičky Cena s účinnosťou od Typ jednotky Koha
          Dar Mestská knižnica Giraltovce Mestská knižnica Giraltovce 2022-08-23 21623 1 S1527 S1527 2023-02-16 2023-01-24 2022-08-23 Odborná literatúra pre dospelých

Powered by Koha